000
00307 a2200133 4500
001
62698
020
_a
9788539400423
040
_c
Anchieta - Pituba
240
1
0
_a
Contos para meninos, volume 1
_l
por
245
1
0
_a
Contos para meninos, volume 1
300
_a
61
650
4
_a
Literatura juvenil
942
_c
BK
999
_c
62698
_d
62698